Sporting Kansas City players since 2000 - Statistics

General Stats
  • This quiz has been taken 3 times
  • The average score is 101 of 237
Answer Stats
Rank Player Positions Nationality Matches Goals (assists) Period % Correct
121 Brad Davis LM 24 2 (1) 2016-2016
100%
5 Dániel Sallói LW 240 54 (38) 2017-2025
100%
98 Dejan Joveljić ST 32 18 (2) 2025-2025
100%
148 Graham Smith CB 16 1 (1) 2018-2020
100%
1 Graham Zusi RB 352 30 (46) 2009-2023
100%
187 Ian James CB 8 0 (0) 2025-2025
100%
106 Jacob Bartlett DM 30 0 (1) 2025-2025
100%
47 Jake Davis RB 85 3 (5) 2021-2025
100%
61 John Pulskamp GK 63 0 (2) 2021-2025
100%
112 Manu García AM 27 2 (6) 2025-2025
100%
8 Nick Garcia CB 224 1 (0) 2000-2007
100%
100 Ryan Smith LW 32 3 (6) 2010-2011
100%
101 Shapi Suleymanov RW 32 2 (5) 2025-2025
100%
185 Alán Montes CB 8 0 (0) 2025-2025
67%
43 Alan Pulido ST 89 34 (9) 2020-2021, 2023-2024
67%
130 Alenis Vargas RW 20 2 (1) 2024-2024
67%
201 Alex Bunbury ST 5 0 (0) 2000-2000
67%
22 Andreu Fontàs CB 124 3 (1) 2018-2024
67%
161 Andrew Brody LB 12 0 (0) 2025-2025
67%
117 Ben Sweat LB 25 0 (3) 2022-2023
67%
224 Danny Flores CM 1 0 (0) 2023-2023
67%
72 Dany Rosero CB 54 4 (0) 2023-2025
67%
20 Dom Dwyer ST 128 58 (9) 2012-2017
67%
110 Erik Hurtado ST 27 7 (0) 2019-2020
67%
35 Erik Thommy AM 101 19 (16) 2022-2025
67%
62 Gadi Kinda AM 61 14 (13) 2020-2021, 2023-2023
67%
66 Gianluca Busio CM 58 7 (8) 2018-2021
67%
19 Ilie Sánchez DM 141 7 (9) 2017-2021
67%
21 Jimmy Nielsen GK 128 0 (0) 2010-2013
67%
12 Johnny Russell RW 193 59 (31) 2018-2024
67%
204 Kaveh Rad CB 5 0 (0) 2021-2021
67%
27 Kei Kamara ST 113 38 (16) 2009-2013
67%
152 Kelyn Rowe CM 14 0 (1) 2019-2019
67%
7 Kerry Zavagnin DM 237 8 (11) 2000-2008
67%
63 Krisztián Németh ST 61 19 (10) 2015-2015, 2018-2019
67%
48 Lawrence Olum CB 85 5 (3) 2011-2014, 2016-2016
67%
69 Marinos Tzionis LW 57 2 (1) 2022-2024
67%
3 Matt Besler CB 292 3 (15) 2009-2020
67%
53 Nemanja Radoja DM 70 1 (5) 2023-2025
67%
89 Nicolas Isimat-Mirin CB 41 0 (0) 2021-2022
67%
39 Paulo Nagamura CM 95 6 (5) 2012-2016
67%
25 Rémi Walter CM 114 9 (4) 2021-2024
67%
56 Robert Voloder CB 65 1 (1) 2022-2025
67%
2 Róger Espinoza CM 334 12 (29) 2008-2012, 2015-2023
67%
129 Santiago Muñóz ST 21 3 (2) 2025-2025
67%
9 Seth Sinovic LB 210 1 (10) 2011-2019
67%
93 Stephen Afrifa LW 36 4 (2) 2023-2025
67%
44 Teal Bunbury ST 89 19 (9) 2010-2013
67%
4 Tim Melia GK 258 0 (0) 2015-2024
67%
23 Tony Meola GK 116 0 (1) 2000-2004
67%
64 Uri Rosell DM 61 2 (2) 2012-2014, 2022-2022
67%
199 Wan Kuzain DM 6 1 (0) 2018-2018
67%
60 Willy Agada ST 64 21 (5) 2022-2025
67%
80 Zorhan Bassong LB, CM 46 1 (1) 2024-2025
67%
83 Aaron Hohlbein MF 43 2 (1) 2007-2010
33%
216 Abdul Rwatubyaye CB 2 0 (0) 2019-2019
33%
146 Abe Thompson ST 16 0 (1) 2008-2009
33%
200 Adam Cristman ST 5 0 (0) 2009-2009
33%
222 Adrián Zendejas GK 1 0 (0) 2019-2019
33%
191 Alec Kann GK 7 0 (0) 2016-2016
33%
168 Alex Martínez RM 10 0 (0) 2014-2014
33%
46 Alex Zotincă RM 85 3 (0) 2003-2006
33%
79 Amadou Dia LB 46 0 (2) 2015-2016, 2020-2021
33%
209 Amobi Okugo CB 3 0 (1) 2015-2015
33%
207 Andrew Dykstra GK 4 0 (0) 2017-2017
33%
156 Andrew Gregor MF 13 0 (2) 2001-2001
33%
165 Andy Gruenebaum GK 11 0 (0) 2014-2014
33%
217 Antti Sumiala ST 2 0 (1) 2005-2005
33%
29 Aurélien Collin CB 107 11 (3) 2011-2014
33%
13 Benny Feilhaber CM 167 30 (30) 2013-2017, 2019-2019
33%
157 Bernardo Añor LB 13 0 (0) 2015-2015
33%
97 Birahim Diop DM 32 5 (2) 2010-2011
33%
134 Bobby Convey LM 19 1 (1) 2012-2013
33%
36 Bo Oshoniyi GK 96 0 (0) 2000-2006
33%
125 Botond Baráth CB 21 1 (0) 2019-2019
33%
71 Brandon Prideaux DF 54 0 (0) 2000-2001
33%
126 Brian Johnson MF 21 0 (1) 2000-2001
33%
166 Brian Roberts DF 11 0 (1) 2005-2006
33%
70 Cameron Duke CM 55 2 (2) 2020-2023
33%
210 Cameron Porter ST 3 0 (0) 2016-2017
33%
82 Carey Talley RB 44 3 (1) 2002-2003
33%
87 Carlos Marinelli AM 41 1 (6) 2007-2008
33%
17 Chance Myers RB 147 2 (11) 2008-2016
33%
38 Chris Brown CF 95 11 (5) 2000-2003
33%
186 Chris Brunt DF 8 1 (0) 2002-2003
33%
104 Chris Henderson RM 31 9 (7) 2000-2000
33%
15 Chris Klein RM 153 33 (30) 2000-2005
33%
223 Chris Rindov CB 1 0 (0) 2023-2023
33%
28 C.J. Sapong ST 110 20 (8) 2011-2014
33%
88 Claudio Bieler ST 41 12 (4) 2013-2014
33%
68 Claudio López ST 57 13 (12) 2008-2009
33%
105 Connor Hallisey LW 30 0 (2) 2015-2016
33%
107 Craig Rocastle RM 29 0 (3) 2010-2011
33%
141 Cristian Lobato LW 17 3 (0) 2017-2018
33%
218 Daneil Cyrus CB 2 0 (0) 2011-2011
33%
122 Darío Fabbro FW 24 6 (1) 2002-2003
33%
158 Dave van den Bergh LM 13 3 (2) 2006-2006
33%
6 Davy Arnaud CM 240 43 (23) 2002-2011
33%
41 Diego Gutiérrez CM 91 4 (8) 2002-2005
33%
75 Diego Rubio ST 51 15 (7) 2016-2018
33%
147 Diego Walsh CM 16 0 (0) 2004-2005
33%
225 Dustin Branan CB 1 0 (0) 2005-2005
33%
84 Eddie Johnson ST 43 17 (5) 2006-2007
33%
202 Emiliano Amor CB 5 0 (0) 2018-2018
33%
226 Emmanuel Appiah CM 1 0 (0) 2016-2016
33%
142 Emmanuel Colombano FW 17 1 (1) 2007-2008
33%
227 Eric Dick GK 1 0 (0) 2019-2019
33%
118 Eric Kronberg GK 25 0 (0) 2010-2011, 2014-2014
33%
85 Eric Quill LW 43 3 (5) 2002-2003
33%
131 Erik Palmer-Brown CB 20 0 (0) 2014-2015, 2017-2017
33%
228 Éver Alvarado CB 1 0 (0) 2016-2016
33%
65 Felipe Gutiérrez CM 60 19 (3) 2018-2019, 2023-2023
33%
51 Felipe Hernández CM 74 4 (5) 2019-2024
33%
32 Francisco Gómez RM 105 10 (8) 2000-2004
33%
99 Gary Glasgow ST 32 5 (4) 2000-2002
33%
175 Gedion Zelalem DM 9 0 (0) 2019-2019
33%
33 Gerso LW 104 17 (19) 2017-2020
33%
176 Grayson Barber RW 9 0 (0) 2021-2021
33%
90 Hérculez Gómez ST 36 1 (2) 2004-2004, 2008-2009
33%
219 Igor Dotsenko DF 2 0 (0) 2000-2000
33%
123 Igor Julião RB 24 0 (2) 2014-2014, 2017-2017
33%
76 Igor Simutenkov ST 49 12 (7) 2002-2004
33%
26 Ike Opara CB 113 11 (3) 2013-2018
33%
143 Iván Trujillo ST 17 1 (0) 2008-2008
33%
11 Jack Jewsbury DM 195 14 (15) 2003-2010
33%
30 Jacob Peterson RW 107 13 (6) 2012-2016
33%
149 Jalil Anibaba CB 16 1 (1) 2015-2015
33%
229 James Musa DM 1 0 (0) 2017-2017
33%
108 Jansen Miller CB 29 0 (1) 2025-2025
33%
95 Jaylin Lindsey LB 34 2 (2) 2018-2021
33%
177 Jéferson AM 9 0 (1) 2011-2011
33%
203 Jermaine Hue AM 5 0 (0) 2005-2006
33%
10 Jimmy Conrad CB 204 17 (4) 2003-2010
33%
37 Jimmy Medranda LB 96 5 (4) 2013-2019
33%
135 Joaquín Fernández CB 19 0 (0) 2024-2025
33%
211 John Wilson LB 3 0 (0) 2000-2000
33%
96 Jonathan Leathers RB 34 0 (1) 2008-2010
33%
192 Jon Kempin GK 7 0 (0) 2014-2015
33%
151 Jordi Quintillà DM 14 0 (1) 2015-2016
33%
193 Jorge Claros DM 7 0 (0) 2014-2014
33%
24 José Burciaga LB 115 13 (14) 2001-2001, 2003-2007
33%
169 José Mauri CM 10 1 (1) 2021-2022
33%
178 Josh Gardner LB 9 0 (1) 2013-2014
33%
18 Josh Wolff RW 144 43 (24) 2003-2006, 2008-2010
33%
73 Júlio César CB 54 3 (2) 2011-2012
33%
170 Justin Detter FW 10 0 (0) 2004-2005
33%
196 Justin Mapp RM 6 0 (0) 2016-2016
33%
111 Kayden Pierre RB 27 0 (2) 2022-2024
33%
150 Kendall McIntosh GK 16 0 (0) 2022-2023
33%
54 Kevin Ellis CB 68 5 (6) 2013-2017
33%
42 Kevin Hartman GK 90 0 (0) 2007-2009
33%
220 Kevin Oliveira AM 2 0 (0) 2017-2017
33%
188 Kevin Souter CM 8 1 (0) 2008-2009
33%
179 Khari Stephenson AM 9 0 (0) 2004-2005
33%
205 Kharlton Belmar RW 5 0 (0) 2017-2018
33%
14 Khiry Shelton ST 162 10 (14) 2018-2018, 2020-2025
33%
230 Konrad Warzycha CB 1 0 (0) 2012-2012
33%
180 Korede Aiyegbusi LB 9 0 (0) 2010-2012
33%
153 Kortne Ford CB 14 0 (0) 2022-2022
33%
78 Kurt Morsink CM 48 0 (2) 2007-2009
33%
91 Lance Watson CM 36 0 (0) 2006-2009
33%
119 Latif Blessing AM 25 3 (2) 2017-2017
33%
50 Logan Ndenbe LB 78 1 (1) 2022-2025
33%
189 Luis Marín GK 8 0 (0) 2015-2015
33%
74 Luís Martins LB 52 1 (4) 2019-2021
33%
171 Luke Sassano DM 10 1 (0) 2011-2012
33%
159 Marcel de Jong LB 13 1 (1) 2015-2015
33%
127 Mark Santel LM 21 1 (1) 2001-2001
33%
212 Martin Steuble LB 3 0 (0) 2014-2014
33%
128 Mason Toye ST 21 3 (2) 2025-2025
33%
136 Matt Groenwald DM 19 0 (2) 2006-2006
33%
144 Matthew Taylor ST 17 3 (1) 2004-2004
33%
197 Matt Marquess RB 6 0 (1) 2008-2009
33%
49 Matt McKeon DM 79 9 (7) 2000-2002
33%
162 Mechack Jérôme CB 12 0 (1) 2013-2014
33%
81 Memo Rodríguez AM 45 2 (5) 2024-2025
33%
213 Michael Green CB 3 0 (0) 2001-2001
33%
16 Michael Harrington LB 148 5 (9) 2007-2012
33%
167 Michael Kraus DF 11 1 (0) 2009-2009
33%
194 Michael Thomas DM 7 0 (0) 2012-2012
33%
86 Mike Burns RB 43 0 (2) 2001-2002
33%
154 Mikey Lopez DM 14 0 (0) 2014-2015
33%
145 Miklos Molnar ST 17 12 (1) 2000-2000
33%
163 Milos Stojcev AM 12 0 (2) 2011-2011
33%
92 Mo Johnston ST 36 5 (6) 2000-2001
33%
231 Narciso Fernandes MF 1 0 (0) 2001-2001
33%
214 Nelson Pizarro CM 3 0 (0) 2008-2008
33%
221 Neven Markovic LB 2 0 (0) 2012-2012
33%
181 Nicolas Hasler CM 9 0 (0) 2019-2019
33%
182 Nikola Vujnovic ST 9 0 (0) 2022-2022
33%
124 Nuno André Coelho CB 22 1 (1) 2016-2016
33%
113 Omar Bravo ST 27 9 (2) 2011-2011
33%
160 Onandi Lowe FW 13 4 (3) 2001-2001
33%
195 Pablo Escobar CB 7 0 (0) 2010-2010
33%
198 Peter Byaruhanga ST 6 0 (1) 2000-2000
33%
94 Peterson Joseph CM 35 0 (1) 2011-2013
33%
55 Peter Vermes CB 65 2 (4) 2000-2002
33%
34 Preki CM 104 24 (29) 2000-2000, 2002-2005
33%
206 Rauwshan McKenzie CB 5 0 (0) 2009-2009
33%
116 Robert Castellanos CB 26 2 (0) 2023-2024
33%
132 Roberto Puncec CB 20 0 (1) 2020-2021
33%
232 Rodney Wallace LM 1 0 (0) 2019-2019
33%
120 Roy Lassiter ST 25 7 (1) 2001-2002
33%
67 Ryan Pore ST 58 3 (4) 2005-2008
33%
137 Ryan Raybould DF 19 0 (1) 2005-2007
33%
57 Saad Abdul-Salaam RB 64 1 (5) 2015-2017
33%
138 Sal Zizzo RB 19 0 (3) 2014-2014
33%
114 Santiago Hirsig CM 27 1 (1) 2009-2010
33%
31 Sasha Victorine ST 106 13 (14) 2005-2008
33%
233 Scott Lorenz LB 1 0 (0) 2011-2011
33%
45 Scott Sealy ST 88 28 (5) 2005-2008
33%
234 Sergey Raad MF 1 0 (0) 2006-2006
33%
183 Servando Carrasco CM 9 0 (0) 2015-2015
33%
40 Shavar Thomas CB 95 2 (0) 2004-2006, 2010-2011
33%
58 Soni Mustivar CM 64 0 (2) 2015-2017
33%
52 Soony Saad LW 71 8 (8) 2011-2014, 2017-2017
33%
115 Stéphane Auvray DM 27 0 (0) 2010-2011
33%
77 Stephen Armstrong LM 49 5 (2) 2002-2003
33%
164 Tahj Jakins DF 12 0 (0) 2000-2001
33%
139 Taylor Graham CB 19 1 (0) 2003-2004
33%
59 Tim Leibold LB 64 2 (6) 2023-2025
33%
140 Toni Dovale RW 19 1 (3) 2014-2014
33%
235 Troy Roberts CB 1 0 (0) 2005-2005
33%
236 Tyler Pasher RW 1 0 (0) 2017-2017
33%
102 Tyson Wahl CB 32 0 (0) 2006-2008
33%
155 Uche Okafor CB 14 0 (0) 2000-2000
33%
190 Vicente Figueroa MF 8 1 (0) 2000-2000
33%
237 Vuk Rasovic RB 1 0 (0) 2004-2004
33%
215 Will Hesmer GK 3 0 (0) 2006-2006
33%
208 Will John RW 4 0 (0) 2006-2007
33%
184 Wilson Harris ST 9 0 (0) 2021-2021
33%
172 Winston Reid CB 10 1 (0) 2020-2020
33%
173 Wolde Harris ST 10 0 (0) 2003-2003
33%
103 Yohan Croizet AM 32 3 (3) 2018-2019
33%
133 Yohan Croizet-Kollár AM 20 3 (1) 2018-2019
33%
109 Yura Movsisyan ST 28 5 (0) 2006-2007
33%
174 Zoltán Hercegfalvi ST 10 2 (1) 2009-2009
33%
No matching quizzes found
Score Distribution
Percent of People with Each Score
Percentile by Number Answered
Your Score History
You have not taken this quiz